Pays avec deux U dans leur nom - Statistiques

Statistiques générales
  • Ce quiz a été pris 163 fois
    151 depuis la dernière actualisation
  • Le résultat moyen est 12 sur 21
Statistiques - réponses
Réponse % Correct
Uruguay
93%
Afrique du sud
77%
République démocratique du Congo
73%
Tuvalu
71%
Vanuatu
68%
Guinée-Bissau
66%
Royaume-uni
66%
Guinée équatoriale
65%
Papouasie-Nouvelle-Guinée
63%
République du Congo
63%
Soudan du Sud
63%
République Tchèque
54%
Burundi
53%
Antigua-et-Barbuda
51%
Luxembourg
51%
Nauru
51%
République dominicaine
50%
République centrafricaine
48%
Équateur
41%
Corée du sud
40%
Turquie
37%
Aucun quiz correspondant
Distribution des résultats
% des personnes avec chaque résultat
Percentile par nombre de réponses
Votre historique - résultats
Vous n’avez pas pris ce quiz depuis la dernière actualisation